000 00633nam a2200253Ia 4500
003 OSt
005 20220912152132.0
006 a|||||r|||| 00| 0
007 ta
008 220909b |||||||| |||| 00| 0 eng d
024 _a58921
037 _cTextual
040 _aCSL
_beng
_cCSL
041 _aeng
082 _aAp2,N40, M0
100 _aRunganadhan Ed.
111 _aCongress on Indian Science 2nd (1940 : Madras)
245 0 _aProceeding on Indian science
260 _c1980
300 _ap.
_ccm.
650 _aScience
942 _hAp2,N40, M0
_cTEXL
_2CC
999 _c81292
_d81292